00929cam a22002771 4500001001300000003000400013005001700017008004100034010001700075035001900092040004000111042001200151050002200163082002000185100002700205245010000232260003000332300004100362410007700403504002500480650002600505650004000531650003700571700002600608999001700634gs 54000291 DLC20260227111402.0780906s1954 xx 000 0 eng c ags 54000291  a(OCoLC)4201813 aU.S. Geol. Survey. Libr.cScCCdDLC apremarc00aQE129b.A2 no. 79 a*551.76a551.771 aNunnally, Jeff Dorris.10aLower Cretaceous stratigraphy of Mississippi,cby Jeff Dorris Nunnally and Henry Florey Fowler. aUniversity [Miss.]c1954. a45 p.bplates, maps, tables.c23 cm.20aMississippi Geological, Economic, and Topographical SurveytBulletinv79 a"References": p. 45. 0aGeologyzMississippi. 0aGeology, StratigraphicyCretaceous. 0aPetroleumxGeologyzMississippi.1 aFowler, Henry Florey. c28904d28904